000
00509nam a2200169Ia 4500
008
090711s9999 xx 000 0 und d
082
_b
441
100
_a
पाटील शालिनी
245
_a
खलनायक
260
_b
सानिया पब्लि. बेळगांव
_c
1997
300
_a
128
600
_a
पाटील शालिनी
630
_a
खलनायक
700
_a
पाटील शालिनी
730
_a
खलनायक
942
_c
BOOK
999
_c
323963
_d
323963